| 000 | 00689nam a22002177a 4500 | ||
|---|---|---|---|
| 005 | 20251108170521.0 | ||
| 008 | 250721s1999 xx 000 0 ara d | ||
| 082 | 1 | 4 | _a547.84/مطا |
| 100 | 1 | _aمطاوع، أحمد مجدي | |
| 245 | 1 | 0 | _aحرائق المواد البلاستيكية و أخطارها / |
| 264 | 1 |
_aالقاهره : _bالهيئة المصرية العامة للكتاب، _c1999. |
|
| 300 | _a159ص | ||
| 490 | 0 | _aالعلم و الحياه ؛ 124 | |
| 650 | 1 | 7 | _aالبلاستيك |
| 650 | 1 | 7 | _aالحرارة |
| 650 | 1 | 7 | _aدرجات الحرارة |
| 650 | 1 | 7 | _aالحرائق |
| 650 | 1 | 7 | _aالبوليمرات |
| 942 |
_2ddc _cBK |
||
| 999 |
_c42430 _d42430 |
||